LEADER 01496nam a2200325 a 4500 001 000000121358 003 CaOOAMICUS 005 20100422170255.0 008 100422t2010 it u000 u ita r 020 $a978-88-6132-539-5 040 $aPUL$bita$dReb 082 04$a348.45 110 1 $aItalia.$0(OLS)http://pul/name/1188 245 10$aCodice della navigazione marittima, interna ed aerea :$bi regolamenti, le leggi complementari /$ca cura di Franco Timo e Giovanna Cavanenghi. 250 $a17. ed. 260 $aPiacenza :$bLa Tribuna,$c©2010. 300 $a1878 p. ;$c17 cm 490 1 $aCodici vigenti 2010 500 $aSulla coperta: Aggiornato con tutte le ultime novità nomative. 630 04$aCodice di navigazione.$0(OLS)http://pul/subject/35402 700 1 $aTimo, Franco.$0(OLS)http://pul/name/71919 700 1 $aCavanenghi, Giovanna.$0(OLS)http://pul/name/71920 830 0$aCodici vigenti 2010.$0(OLS)http://pul/title/152271 850 $aPUL 852 $aPUL$W1$xDP2 Diritto e Scienze Sociali 3$y110$m348. 45 COD 3.1.10$j139180$qDDC 21$B138401$CPULBib$Z2$F138401 $H113352 $82 941 1 $a9 996 $6020$a978-88-6132-539-5$9(OLS)http://pul/number/143974 996 $6082$a348.45$9(OLS)http://pul/classification/373 996 $6245$aCodice della navigazione marittima, interna ed aerea :$bi regolamenti, le leggi complementari$9(OLS)http://pul/title/145634 996 $6260$aPiacenza :$bLa Tribuna$9(OLS)http://pul/publisher/69734 LEADER 01444nam a2200337 a 4500 001 000000171382 003 CaOOAMICUS 005 20190124180659.0 006 a 000 u 008 190124s2018 it 001 u ita r 020 $a978-88-452-9872-1 032 $aLibriCat 040 $aPUL$bita 100 1 $aAgazzi, Evandro,$d1934-$0(OLS)http://pul/name/5575 240 10$aScientific Objectivity and its Contexts.$0(OLS)http://pul/title/212206 245 12$aL'oggettività scientifica e i suoi contesti / $cEvandro Agazzi. 260 $aFirenze :$bBompiani,$c2018. 300 $a759 p.;$c21 cm 490 1 $aStudi Bompiani 504 $aBibliografia in nota a piè pagina e alle pagine 725-752. 650 4$aEpistemologia.$0(OLS)http://pul/subject/439 650 4$aFilosofia della scienza.$0(OLS)http://pul/subject/5136 650 4$aOggettività (filosofia).$0(OLS)http://pul/subject/45824 830 0$aStudi Bompiani.$pFilosofia.$0(OLS)http://pul/title/47723 850 $aPUL 852 $aPUL$W1$xSL Cons. Gen., Altre Classi 3$y75$m501 AGAEV 1$j195075$qDDC 21$B199975$CPULBib$Z2$F199975 $H132192 $82 941 1 $a9 996 $6020$a978-88-452-9872-1$9(OLS)http://pul/number/165644 996 $6245$aL'oggettività scientifica e i suoi contesti / $9(OLS)http://pul/title/212205 996 $6260$aFirenze :$bBompiani$9(OLS)http://pul/publisher/64793